The American Indian : past and present

Αποθηκεύτηκε σε:
Λεπτομέρειες βιβλιογραφικής εγγραφής
Κύριος συγγραφέας: Nichols, Roger L.
Μορφή: Βιβλίο
Γλώσσα:English
Δημοσίευση: New York : McGraw-Hill, c1992
Έκδοση:4th ed.
Θέματα:
Ετικέτες: Προσθήκη ετικέτας
Δεν υπάρχουν, Καταχωρήστε ετικέτα πρώτοι!

MARC

LEADER 00000nam a2200000 i 4500
001 1/72542
008 990316s1992 eng d
020 |a 0-07-046499-5 
035 |l 10048580 
040 |a GR-MY-UA  |b gre  |e aacr 
041 0 |a eng 
082 0 |a 973.0497 
100 1 |a Nichols, Roger L. 
245 1 4 |a The American Indian :  |b past and present /  |c Edited by Roger L. Nichols 
250 |a 4th ed. 
260 |a New York :   |b McGraw-Hill,   |c c1992 
300 |a xx, 312 σ.;  |c 24 εκ. 
504 |a Περιέχει βιβλιογραφικές παραπομπές (σ. 302-306) και ευρετήριο 
650 0 0 |a Indians of North America. 
852 |a INST  |b LESVOS  |e 19990316  |h 973.0497 AME  |p 005100016659  |q 005100016659  |t BK  |y 0 
901 |a BIBL-1999-1 
909 |a Λ  |b 061381 
922 |a 1ΕΛΗ  |b 199811  |c ΚΠΣ/ΤΚ  |d ΠΑΠΑΣΩΤΗΡΙΟΥ 
950 |a 103-1998-07-27